Latex and food allergy (Record no. 61982)

MARC details
000 -LEADER
fixed length control field 00373nam a2200145Ia 4500
100 ## - MAIN ENTRY--AUTHOR NAME
Personal name Levy D A
245 #0 - TITLE STATEMENT
Title Latex and food allergy
260 ## - PUBLICATION, DISTRIBUTION, ETC. (IMPRINT)
Name of publisher Revue Francaise dAllergologie et dImmunologie Clinique
Year of publication 1997
300 ## - PHYSICAL DESCRIPTION
Number of Pages 1184
500 ## - GENERAL NOTE
General note Source Year: 1998
700 ## - ADDED ENTRY--PERSONAL NAME
Personal name Leynadier F
856 ## - ELECTRONIC LOCATION AND ACCESS
Uniform Resource Identifier IRRDB
942 ## - ADDED ENTRY ELEMENTS (KOHA)
Koha item type Journals
Holdings
Withdrawn status Lost status Damaged status Not for loan Home library Current library Shelving location Date acquired Serial Enumeration / chronology Koha item type
      Journals RRII Library RRII Library Rubber chemistry 17/12/2021 Volume 37, Issue Journals